000 00545nam a2200181Ia 4500
003 GCL
008 140319s9999 xx 000 0 ara d
040 _aGCL /
_cGCL
082 0 4 _a801.95
_bل ق
100 1 _aلويس عوض
245 1 0 _aمقالات فى النقد والادب (هديه من الآديب عبدالفتاح الجمل) /
_cلويس عوض
300 _a392
490 _aكتاب
_v0
650 0 4 _aالادب العربى
650 0 4 _aالبلاغة العربية
650 0 4 _aتاريخ ونقد
942 _2ddc
_cBK
999 _c42079
_d42079